000 00472nam a22001937a 4500
005 20230609141641.0
008 230609b |||||||| |||| 00| 0 eng d
020 _a9789834703691
082 _a658.8
_bKAM-M
100 _aKamarulzaman;Yusniza
245 _aMarketing Management
250 _aRevised
260 _aIndia
_bOxford
_c2012
300 _a410
500 _aIndex Given
650 _aMarketing
_aManagement
700 _aYusniza;Kamarulzaman
999 _c18704
_d18704